[Event "Madrid ch Veteranos 2015-2016"]
[Site "Madrid ESP"]
[Date "2016.01.14"]
[Round "4.2"]
[White "Casares Ripoll, Fernando"]
[Black "Garcia Gutierrez, Jose"]
[Result "1-0"]
[WhiteElo "2133"]
[BlackElo "1907"]
[PlyCount "111"]
[EventDate "2016.01.11"]
[EventType "swiss"]
[EventRounds "9"]
[EventCountry "ESP"]
[Source "lmi"]
[SourceDate "2016.01.11"]

1. d4 d5 2. c4 c6 3. cxd5 cxd5 4. Nc3 Nf6 5. Nf3 Nc6 6. Bf4 e6 7. e3 Bb4 8. Bd3
O-O 9. O-O a6 10. Ne5 Ne7 11. Rc1 Bd6 12. Na4 Ng6 13. Bg3 Ne4 14. Bxe4 dxe4 15.
Nxg6 hxg6 16. Qg4 Bxg3 17. hxg3 Bd7 18. Nc3 Bc6 19. Qf4 g5 20. Qe5 Qf6 21. Rfd1
Rad8 22. Qxf6 gxf6 23. b4 f5 24. a4 Rd7 25. b5 axb5 26. axb5 Bd5 27. Nxd5 exd5
28. Rc5 Ra8 29. Rb1 Kg7 30. b6 Ra6 31. f3 Rd6 32. g4 exf3 33. gxf3 fxg4 34.
fxg4 Ra2 35. Rbb5 Rf6 36. Rxd5 Rff2 37. Rxg5+ Kf8 38. Rh5 Rg2+ 39. Kh1 Rxg4 40.
Rbg5 Rxg5 41. Rxg5 Rb2 42. Rc5 Rxb6 43. Kg2 Rc6 44. Rb5 b6 45. Kf3 Ke7 46. e4
f6 47. Kf4 Rd6 48. d5 Kd7 49. Kf5 Ke7 50. Rb1 Kf7 51. Rc1 Ke7 52. Rc7+ Kd8 53.
Rf7 Ke8 54. Rxf6 Rxf6+ 55. Kxf6 b5 56. Ke5 1-0

[Event "Madrid ch Veteranos 2015-2016"]
[Site "Madrid ESP"]
[Date "2016.01.14"]
[Round "4.3"]
[White "Gil Sierra, Jacinto"]
[Black "Sotoca Aguado, Jose"]
[Result "1/2-1/2"]
[WhiteElo "1938"]
[BlackElo "1952"]
[PlyCount "77"]
[EventDate "2016.01.11"]
[EventType "swiss"]
[EventRounds "9"]
[EventCountry "ESP"]
[Source "lmi"]
[SourceDate "2016.01.11"]

1. e4 e6 2. d4 d5 3. Nc3 Bb4 4. e5 c5 5. Qg4 Ne7 6. Nf3 Nbc6 7. Bb5 Bd7 8. O-O
cxd4 9. Nxd4 Nxd4 10. Qxd4 Bxc3 11. Bxd7+ Qxd7 12. Qxc3 O-O 13. b3 Rac8 14. Qd3
Qc6 15. Ba3 Rfe8 16. Rac1 b5 17. Bxe7 Rxe7 18. c3 Rec7 19. Rc2 Qb6 20. Rfc1 g6
21. Kf1 a5 22. Ke2 a4 23. Qe3 d4 24. Qd3 dxc3 25. Rxc3 Rxc3 26. Rxc3 Rxc3 27.
Qxc3 b4 28. Qc4 axb3 29. axb3 Kg7 30. Kf3 Qb7+ 31. Qe4 Qb5 32. h4 Qc5 33. g4
Qc3+ 34. Qe3 Qc6+ 35. Kg3 h6 36. Kf4 Qh1 37. Qg3 g5+ 38. hxg5 hxg5+ 39. Ke3
1/2-1/2

[Event "Madrid ch Veteranos 2015-2016"]
[Site "Madrid ESP"]
[Date "2016.01.14"]
[Round "4.4"]
[White "Marcos Herrero, Francisco"]
[Black "Pastor Alonso de Prado, Alberto Emilio"]
[Result "0-1"]
[WhiteElo "1982"]
[BlackElo "2115"]
[PlyCount "116"]
[EventDate "2016.01.11"]
[EventType "swiss"]
[EventRounds "9"]
[EventCountry "ESP"]
[Source "lmi"]
[SourceDate "2016.01.11"]

1. d4 d5 2. c4 e6 3. Nf3 Nf6 4. g3 Be7 5. Bg2 O-O 6. O-O c6 7. Qc2 Nbd7 8. Rd1
b6 9. Nbd2 Bb7 10. e4 Rc8 11. e5 Ne8 12. b3 Nc7 13. Bb2 c5 14. Nf1 b5 15. Ne3
Nb6 16. Rac1 bxc4 17. bxc4 Bc6 18. Qe2 Nxc4 19. Nxc4 dxc4 20. dxc5 Bd5 21. Nd2
Bxg2 22. Kxg2 Nd5 23. Nxc4 Bxc5 24. Bd4 Qd7 25. Bxc5 Rxc5 26. Rc2 Rfc8 27. Kg1
Qc7 28. Rdc1 Nb4 29. Rc3 Qd7 30. a3 Nd5 31. R3c2 Qb5 32. Qf1 Qa4 33. Qd3 Qb5
34. Qf1 Qb3 35. Qe2 h6 36. h4 Qb5 37. Qf1 g6 38. Kg2 Nb6 39. Ne3 Qxf1+ 40. Kxf1
Rxc2 41. Rxc2 Rxc2 42. Nxc2 g5 43. Ke2 Kg7 44. Ne3 gxh4 45. gxh4 Kg6 46. f3 Kh5
47. Ng4 Nc4 48. a4 a5 49. Kf2 Nb6 50. Kg3 Nxa4 51. Nf6+ Kg6 52. Kg4 Nc5 53. h5+
Kg7 54. Ne8+ Kf8 55. Nd6 Ke7 56. Nc4 a4 57. f4 Kd7 58. f5 Kc6 0-1

[Event "Madrid ch Veteranos 2015-2016"]
[Site "Madrid ESP"]
[Date "2016.01.14"]
[Round "4.5"]
[White "Viñas Lopez, Carlos"]
[Black "Martin Rodriguez, Emilio"]
[Result "1-0"]
[WhiteElo "1903"]
[BlackElo "2142"]
[PlyCount "85"]
[EventDate "2016.01.11"]
[EventType "swiss"]
[EventRounds "9"]
[EventCountry "ESP"]
[Source "lmi"]
[SourceDate "2016.01.11"]

1. d4 d5 2. c4 c6 3. cxd5 cxd5 4. Nc3 Nf6 5. Nf3 g6 6. Bf4 Bg7 7. Bxb8 Rxb8 8.
Qa4+ Bd7 9. Qxa7 b5 10. Qc5 Qa5 11. a3 e6 12. Qb4 Qa8 13. Ra2 Bf8 14. Qb3 b4
15. axb4 Qb7 16. b5 Bxb5 17. Qxb5+ Qxb5 18. Nxb5 Rxb5 19. e3 Bb4+ 20. Kd1 Rb8
21. Bd3 O-O 22. Ke2 Rfc8 23. Rb1 h6 24. Ne1 Ne4 25. Bxe4 dxe4 26. b3 Rc6 27.
Nc2 Bd6 28. Kd2 Rcb6 29. Rab2 e5 30. h3 f5 31. b4 Rb5 32. Kc3 exd4+ 33. Nxd4
Rc8+ 34. Kd2 Rb6 35. b5 Kf7 36. Rc2 Rxc2+ 37. Kxc2 Bc5 38. Kc3 Ke7 39. Kc4 Bxd4
40. Kxd4 Kd7 41. Kc5 Kc7 42. Ra1 Kb7 43. Ra6 1-0

[Event "Madrid ch Veteranos 2015-2016"]
[Site "Madrid ESP"]
[Date "2016.01.14"]
[Round "4.6"]
[White "Lopez De Turiso, Jose Angel"]
[Black "Rueda Maria, Ramiro"]
[Result "1-0"]
[WhiteElo "2083"]
[BlackElo "1904"]
[PlyCount "51"]
[EventDate "2016.01.11"]
[EventType "swiss"]
[EventRounds "9"]
[EventCountry "ESP"]
[Source "lmi"]
[SourceDate "2016.01.11"]

1. d4 Nf6 2. c4 e6 3. Nc3 Bb4 4. f3 d5 5. a3 Be7 6. e4 dxc4 7. Be3 O-O 8. Bxc4
c6 9. Qc2 Nbd7 10. Rd1 Qc7 11. Nge2 e5 12. O-O exd4 13. Nxd4 Bc5 14. Ba2 a5 15.
Kh1 b5 16. Bb1 Bb6 17. f4 Ng4 18. Bg1 Re8 19. e5 Nf8 20. h3 Nh6 21. Ne4 Bxd4
22. Bxd4 Nf5 23. Bc5 Be6 24. Bxf8 Kxf8 25. g4 Ne3 26. Qc5+ 1-0

[Event "Madrid ch Veteranos 2015-2016"]
[Site "Madrid ESP"]
[Date "2016.01.14"]
[Round "4.7"]
[White "Serrano Baylin, Francisco"]
[Black "Lopez Heras, Arturo"]
[Result "1-0"]
[WhiteElo "1988"]
[BlackElo "1809"]
[PlyCount "65"]
[EventDate "2016.01.11"]
[EventType "swiss"]
[EventRounds "9"]
[EventCountry "ESP"]
[Source "lmi"]
[SourceDate "2016.01.11"]

1. c4 Nf6 2. g3 g6 3. Bg2 Bg7 4. Nc3 O-O 5. e4 d6 6. Nge2 e5 7. O-O Nc6 8. d3
h6 9. f4 Bd7 10. Kh1 Qc8 11. Nd5 Nxd5 12. cxd5 Ne7 13. Be3 Kh7 14. Qd2 Ng8 15.
Rac1 c5 16. dxc6 Bxc6 17. d4 Qd8 18. d5 Bd7 19. Qb4 Bg4 20. Nc3 Nf6 21. fxe5
dxe5 22. Bc5 Re8 23. Nb5 Be2 24. Rfe1 Bxb5 25. Qxb5 b6 26. Bg1 Rc8 27. Rc6 Rxc6
28. Qxc6 Re7 29. Rc1 Ne8 30. Qc8 Qxc8 31. Rxc8 Nd6 32. Rc6 Ne8 33. Bh3 1-0

[Event "Madrid ch Veteranos 2015-2016"]
[Site "Madrid ESP"]
[Date "2016.01.14"]
[Round "4.8"]
[White "Alvarez Escudero, Manuel"]
[Black "Gonzalez Mateos, Rafael"]
[Result "1/2-1/2"]
[WhiteElo "1820"]
[BlackElo "1986"]
[PlyCount "42"]
[EventDate "2016.01.11"]
[EventType "swiss"]
[EventRounds "9"]
[EventCountry "ESP"]
[Source "lmi"]
[SourceDate "2016.01.11"]

1. e4 e6 2. Nc3 d5 3. exd5 exd5 4. d4 Nf6 5. Nf3 Bg4 6. Be2 Be7 7. h3 Bh5 8.
O-O O-O 9. Ne5 Bxe2 10. Nxe2 Re8 11. c3 c6 12. Ng3 h6 13. Nf5 Bf8 14. Ng4 Nbd7
15. Bf4 Nxg4 16. hxg4 Nf6 17. Kh1 Bd6 18. Bxd6 Qxd6 19. f3 Re6 20. Re1 Rae8 21.
Rxe6 fxe6 1/2-1/2

[Event "Madrid ch Veteranos 2015-2016"]
[Site "Madrid ESP"]
[Date "2016.01.14"]
[Round "4.9"]
[White "Campos Calvo-Sotelo, Juan"]
[Black "Martin Martin, Luis Vicente"]
[Result "1-0"]
[WhiteElo "1849"]
[BlackElo "1967"]
[PlyCount "81"]
[EventDate "2016.01.11"]
[EventType "swiss"]
[EventRounds "9"]
[EventCountry "ESP"]
[Source "lmi"]
[SourceDate "2016.01.11"]

1. b3 d5 2. e3 Nf6 3. Bb2 Bf5 4. Nf3 e6 5. h3 h6 6. g4 Bh7 7. Bg2 Nbd7 8. O-O
Bd6 9. Nc3 c6 10. Ne2 Qc7 11. Rc1 a5 12. d3 a4 13. c4 axb3 14. axb3 O-O 15.
cxd5 Nxd5 16. Ned4 Qb6 17. g5 e5 18. gxh6 gxh6 19. Nh4 f5 20. Ndxf5 Bxf5 21.
Nxf5 Rxf5 22. Qg4+ Rg5 23. Qxd7 Qxb3 24. Qxd6 Qxb2 25. Qxh6 Rg7 26. Kh1 Rf8 27.
Rg1 e4 28. Bxe4 Rxf2 29. Bxd5+ cxd5 30. Rc8+ Rf8 31. Qe6+ Kh7 32. Rxf8 Rxg1+
33. Kxg1 Qg7+ 34. Qg4 Qxf8 35. Qh5+ Qh6 36. Qxh6+ Kxh6 37. Kf2 Kg5 38. Ke2 b5
39. Kd2 b4 40. Kc2 Kh4 41. Kb3 1-0

[Event "Madrid ch Veteranos 2015-2016"]
[Site "Madrid ESP"]
[Date "2016.01.14"]
[Round "4.10"]
[White "Cabañas Bravo, Juan Andres"]
[Black "Hernandez Garcia, Carlos"]
[Result "1-0"]
[WhiteElo "1957"]
[BlackElo "1747"]
[PlyCount "83"]
[EventDate "2016.01.11"]
[EventType "swiss"]
[EventRounds "9"]
[EventCountry "ESP"]
[Source "lmi"]
[SourceDate "2016.01.11"]

1. e4 c5 2. Nf3 d6 3. d4 cxd4 4. Nxd4 Nf6 5. Nc3 a6 6. Bg5 e6 7. f4 Be7 8. Qf3
Qc7 9. f5 e5 10. Bxf6 Bxf6 11. Nd5 Qd8 12. Nb3 Nd7 13. Qc3 O-O 14. Qb4 Be7 15.
O-O-O Bg5+ 16. Kb1 Nf6 17. Nxf6+ Bxf6 18. Qxd6 Qxd6 19. Rxd6 b5 20. Be2 Be7 21.
Rd5 f6 22. Ka1 Rb8 23. c4 bxc4 24. Bxc4 Kh8 25. Rc1 Rd8 26. Rxd8+ Bxd8 27. Bd5
a5 28. a4 g5 29. Rc5 Bb6 30. Rc6 Bd7 31. Rxf6 Bxa4 32. Ka2 Be8 33. Nd2 Bd4 34.
b3 a4 35. Nf3 Kg7 36. Re6 axb3+ 37. Bxb3 Rxb3 38. Kxb3 Bf7 39. Nxg5 Bxe6+ 40.
Nxe6+ Kf6 41. Nxd4 exd4 42. Kc4 1-0

[Event "Madrid ch Veteranos 2015-2016"]
[Site "Madrid ESP"]
[Date "2016.01.14"]
[Round "4.11"]
[White "Rodriguez Bernal, Herman"]
[Black "Vukotic Jovsic, Dragan"]
[Result "0-1"]
[WhiteElo "1768"]
[BlackElo "1947"]
[PlyCount "117"]
[EventDate "2016.01.11"]
[EventType "swiss"]
[EventRounds "9"]
[EventCountry "ESP"]
[Source "lmi"]
[SourceDate "2016.01.11"]

1. d4 e6 2. c4 d5 3. Nc3 Nf6 4. Nf3 Be7 5. Bg5 Nbd7 6. cxd5 exd5 7. e3 h6 8.
Bh4 O-O 9. h3 c6 10. Bd3 Ne4 11. Bxe7 Qxe7 12. Qc2 f5 13. O-O-O a5 14. a4 Rf6
15. Nh4 Nb6 16. Nf3 Nxc3 17. bxc3 Qa3+ 18. Kd2 Qxa4 19. Ne5 Qxc2+ 20. Kxc2 Nd7
21. f4 b5 22. g4 Nxe5 23. dxe5 Rf7 24. Rdg1 Kh7 25. h4 Be6 26. h5 b4 27. gxf5
Bxf5 28. Bxf5+ Rxf5 29. Rg6 Rxh5 30. Rxg7+ Kxg7 31. Rxh5 Kg6 32. Rh1 c5 33. Rd1
Rd8 34. e4 d4 35. f5+ Kf7 36. e6+ Ke7 37. c4 Rg8 38. Rh1 Rg4 39. Rxh6 Rxe4 40.
Rh7+ Kf6 41. Rf7+ Kg5 42. e7 Re2+ 43. Kd3 Re3+ 44. Kd2 a4 45. f6 a3 46. Rf8 a2
47. Ra8 Kxf6 48. Ra6+ Kxe7 49. Rxa2 Rc3 50. Ra6 Rxc4 51. Kd3 Rc3+ 52. Ke4 Kd7
53. Kd5 Kc7 54. Ra7+ Kb6 55. Ra8 d3 56. Rb8+ Kc7 57. Rh8 d2 58. Rh7+ Kb6 59.
Rh6+ 0-1

[Event "Madrid ch Veteranos 2015-2016"]
[Site "Madrid ESP"]
[Date "2016.01.14"]
[Round "4.12"]
[White "Perez Gonzalez, Jesus Miguel"]
[Black "Lopez Ziegler, Carlos"]
[Result "0-1"]
[WhiteElo "1706"]
[BlackElo "1933"]
[PlyCount "66"]
[EventDate "2016.01.11"]
[EventType "swiss"]
[EventRounds "9"]
[EventCountry "ESP"]
[Source "lmi"]
[SourceDate "2016.01.11"]

1. g3 c5 2. Bg2 g6 3. c4 Bg7 4. Nc3 Nc6 5. Nf3 e5 6. d3 Nge7 7. Bg5 f6 8. Bd2
d6 9. Qc1 Nf5 10. O-O O-O 11. Ne1 Be6 12. f4 Qd7 13. Ne4 b6 14. fxe5 dxe5 15.
e3 Rad8 16. a3 Nd6 17. Nc3 Na5 18. Nf3 Nb3 19. Qc2 Nxa1 20. Rxa1 Nf5 21. Re1
Qxd3 22. Qxd3 Rxd3 23. Ne4 Rfd8 24. Bf1 R3d7 25. Bc3 Nd6 26. Ned2 e4 27. Nh4 g5
28. Ng2 f5 29. Bxg7 Kxg7 30. h4 h6 31. Kf2 Nf7 32. Nb1 Ne5 33. Be2 Bxc4 0-1

[Event "Madrid ch Veteranos 2015-2016"]
[Site "Madrid ESP"]
[Date "2016.01.14"]
[Round "4.13"]
[White "Calderon Martin, Antonio"]
[Black "Nuñez Muñoz, Jesus"]
[Result "0-1"]
[WhiteElo "1679"]
[BlackElo "2222"]
[PlyCount "46"]
[EventDate "2016.01.11"]
[EventType "swiss"]
[EventRounds "9"]
[EventCountry "ESP"]
[Source "lmi"]
[SourceDate "2016.01.11"]

1. e4 c5 2. Nf3 Nc6 3. Bb5 d6 4. Bxc6+ bxc6 5. O-O e5 6. c3 f5 7. exf5 Bxf5 8.
d4 cxd4 9. cxd4 e4 10. Re1 Be7 11. Nfd2 Nf6 12. Nc3 d5 13. Nb3 O-O 14. Bf4 Qe8
15. Rc1 Qg6 16. Re3 Bg4 17. Qf1 Nh5 18. Be5 Bg5 19. Ree1 Bxc1 20. Rxc1 e3 21.
Qa6 Rxf2 22. Re1 Bc8 23. Qa5 Qxg2# 0-1

[Event "Madrid ch Veteranos 2015-2016"]
[Site "Madrid ESP"]
[Date "2016.01.14"]
[Round "4.14"]
[White "Serrano Garcia, Vicente"]
[Black "Gonzalez Rivera, Eduardo"]
[Result "0-1"]
[WhiteElo "1802"]
[BlackElo "2059"]
[PlyCount "84"]
[EventDate "2016.01.11"]
[EventType "swiss"]
[EventRounds "9"]
[EventCountry "ESP"]
[Source "lmi"]
[SourceDate "2016.01.11"]

1. d4 d5 2. Nf3 Nf6 3. Bf4 Bf5 4. e3 e6 5. Nbd2 Bd6 6. Bb5+ c6 7. Bxd6 Qxd6 8.
Ba4 O-O 9. O-O b5 10. Bb3 Nbd7 11. a4 a6 12. Nh4 c5 13. Nxf5 exf5 14. c3 g6 15.
f3 Rfe8 16. Re1 b4 17. c4 cxd4 18. cxd5 dxe3 19. Nc4 Qc5 20. Kh1 f4 21. Rc1
Rac8 22. d6 Kg7 23. Rc2 Qd5 24. Qe2 Qb7 25. a5 Nc5 26. d7 Qxd7 27. Nb6 Qd3 28.
Nxc8 Qxe2 29. Rexe2 Nxb3 30. Rc7 Nd5 31. Rc4 Nxa5 32. Rc5 Nb3 33. Rxd5 Rxc8 34.
h4 a5 35. g3 a4 36. gxf4 a3 37. bxa3 bxa3 38. Ra2 Nd2 39. Rxa3 e2 40. Re3 e1=Q+
41. Rxe1 Nxf3 42. Re7 Rc2 0-1

[Event "Madrid ch Veteranos 2015-2016"]
[Site "Madrid ESP"]
[Date "2016.01.14"]
[Round "4.15"]
[White "Perez Cameselle, Francisco Jose"]
[Black "Minguela Muñoz, Bienvenido"]
[Result "0-1"]
[WhiteElo "1917"]
[BlackElo "1728"]
[PlyCount "78"]
[EventDate "2016.01.11"]
[EventType "swiss"]
[EventRounds "9"]
[EventCountry "ESP"]
[Source "lmi"]
[SourceDate "2016.01.11"]

1. Nf3 c5 2. g3 d5 3. d3 Nf6 4. Nbd2 Nc6 5. e4 e6 6. Bg2 Be7 7. O-O Qc7 8. Qe2
O-O 9. c3 b6 10. e5 Nd7 11. Re1 Bb7 12. Nf1 Rfe8 13. h4 d4 14. c4 b5 15. cxb5
Nb4 16. a3 Nd5 17. N1d2 a6 18. bxa6 Rxa6 19. Nc4 N7b6 20. Nfd2 Nb4 21. Bxb7
Qxb7 22. Ne4 Nxc4 23. dxc4 Qc7 24. Bf4 Rea8 25. Rab1 Nc6 26. Ng5 Bxg5 27. hxg5
g6 28. Kg2 d3 29. Qxd3 Nd4 30. Qe4 Rd8 31. Rbd1 Ra4 32. Rc1 Nf5 33. g4 Rd4 34.
Qc2 Qc6+ 35. Kg1 Nh4 36. f3 Nxf3+ 37. Kf2 Rxf4 38. Kg3 Nxe1 39. Rxe1 Qf3+ 0-1

[Event "Madrid ch Veteranos 2015-2016"]
[Site "Madrid ESP"]
[Date "2016.01.14"]
[Round "4.16"]
[White "Losada Gonzalez, Andres"]
[Black "Fernandez Garcia, Ignacio"]
[Result "0-1"]
[WhiteElo "1789"]
[BlackElo "1875"]
[PlyCount "58"]
[EventDate "2016.01.11"]
[EventType "swiss"]
[EventRounds "9"]
[EventCountry "ESP"]
[Source "lmi"]
[SourceDate "2016.01.11"]

1. e4 d5 2. exd5 Qxd5 3. d4 Nf6 4. c4 Qe4+ 5. Be3 e5 6. Nc3 Qf5 7. dxe5 Qxe5 8.
Nf3 Qa5 9. Bd3 Bb4 10. O-O O-O 11. Qc2 Qh5 12. a3 Be7 13. Nd5 Nxd5 14. cxd5 Bd6
15. Bc5 Bg4 16. Bxd6 cxd6 17. Nd2 Qh6 18. f3 Bh5 19. Rfe1 Nd7 20. Re7 Rac8 21.
Qd1 Nc5 22. Bb1 Qf6 23. Re2 Qd4+ 24. Kh1 Nb3 25. Ba2 Nxa1 26. Qxa1 Rc2 27. Nb3
Qd3 28. Rxc2 Qxc2 29. Nd4 Qf2 0-1

[Event "Madrid ch Veteranos 2015-2016"]
[Site "Madrid ESP"]
[Date "2016.01.14"]
[Round "4.17"]
[White "Romero Jaime, Pedro"]
[Black "Lopez Peral, Enrique"]
[Result "1/2-1/2"]
[WhiteElo "1553"]
[BlackElo "1827"]
[PlyCount "67"]
[EventDate "2016.01.11"]
[EventType "swiss"]
[EventRounds "9"]
[EventCountry "ESP"]
[Source "lmi"]
[SourceDate "2016.01.11"]

1. Nf3 d5 2. d4 Nf6 3. c4 dxc4 4. Nc3 a6 5. a4 c6 6. e3 Be6 7. Ne5 c5 8. Nxc4
cxd4 9. exd4 Bd5 10. Nxd5 Nxd5 11. Bd3 Nc6 12. Be4 e6 13. O-O Rb8 14. Bb1 g6
15. Ne5 Rc8 16. Nf3 Bg7 17. Re1 O-O 18. h4 Qb6 19. h5 Nxd4 20. hxg6 Nxf3+ 21.
Qxf3 fxg6 22. Qg3 Rf7 23. Ra3 Rcf8 24. Re2 Bd4 25. Rf3 Rxf3 26. gxf3 Bg7 27.
Bxg6 hxg6 28. Qxg6 Nf4 29. Bxf4 Rxf4 30. Rxe6 Qxb2 31. Re8+ Rf8 32. Qe6+ Kh7
33. Qh3+ Kg6 34. Qg4+ 1/2-1/2

[Event "Madrid ch Veteranos 2015-2016"]
[Site "Madrid ESP"]
[Date "2016.01.14"]
[Round "4.18"]
[White "Perez Nuñez Castillo, Jose Antonio"]
[Black "Caballero Cuno, Jose Domingo"]
[Result "1/2-1/2"]
[WhiteElo "1601"]
[BlackElo "1914"]
[PlyCount "41"]
[EventDate "2016.01.11"]
[EventType "swiss"]
[EventRounds "9"]
[EventCountry "ESP"]
[Source "lmi"]
[SourceDate "2016.01.11"]

1. d4 d5 2. Nf3 Nf6 3. b3 c5 4. Bb2 Nc6 5. e3 e6 6. a3 cxd4 7. exd4 Bd6 8. Bd3
O-O 9. O-O b6 10. Ne5 Qc7 11. f4 Ne4 12. Nd2 f5 13. Rf3 Nxe5 14. fxe5 Be7 15.
Rf1 Bb7 16. Nf3 Rac8 17. Rc1 Qd7 18. Qe2 Rc7 19. Bb5 Bc6 20. Bd3 Bb7 21. Bb5
1/2-1/2

[Event "Madrid ch Veteranos 2015-2016"]
[Site "Madrid ESP"]
[Date "2016.01.14"]
[Round "4.19"]
[White "Fernandez Bujarrabal, Pedro V"]
[Black "Camarero Izquierdo, Juan Carlos"]
[Result "0-1"]
[WhiteElo "1582"]
[BlackElo "1861"]
[PlyCount "158"]
[EventDate "2016.01.11"]
[EventType "swiss"]
[EventRounds "9"]
[EventCountry "ESP"]
[Source "lmi"]
[SourceDate "2016.01.11"]

1. e4 c5 2. d4 cxd4 3. Nf3 d6 4. Nxd4 Nf6 5. Nc3 a6 6. Be3 e6 7. f4 Nbd7 8. Be2
Qc7 9. Qd2 b5 10. a3 Bb7 11. Bf3 Rc8 12. Rc1 Nb6 13. Qd3 Nc4 14. Nd1 d5 15.
exd5 Bxd5 16. Bxd5 Nxd5 17. Bd2 Nxf4 18. Qe4 Nxd2 19. Kxd2 Bc5 20. Ke1 O-O 21.
Rf1 Bxd4 22. Rxf4 e5 23. Rh4 f5 24. Qd5+ Kh8 25. c3 Qe7 26. Rh3 Qg5 27. Rc2 f4
28. Nf2 Bxf2+ 29. Rxf2 Rcd8 30. Qe4 h6 31. Rd3 Rxd3 32. Qxd3 Rd8 33. Qc2 Qg4
34. Rd2 Qh4+ 35. Kf1 Rxd2 36. Qxd2 Qxh2 37. Qd8+ Kh7 38. Qd3+ Kg8 39. Qd5+ Kf8
40. Qxe5 Qh1+ 41. Kf2 Qh4+ 42. Kf1 Qh1+ 43. Kf2 Qc1 44. Qd6+ Kf7 45. Qd5+ Kf6
46. Qd6+ Kg5 47. Qe7+ Kh5 48. Qe2+ Kh4 49. a4 bxa4 50. g3+ fxg3+ 51. Kg2 Qf4
52. c4 Kg5 53. Qe7+ Kf5 54. Qf7+ Ke4 55. Qe6+ Kd3 56. Qd5+ Qd4 57. Qf3+ Kxc4
58. Qe2+ Kb3 59. Qe6+ Kxb2 60. Qe2+ Ka1 61. Qe1+ Ka2 62. Qe6+ Ka3 63. Qe7+ Qb4
64. Qe3+ Qb3 65. Qe7+ Ka2 66. Qe8 h5 67. Kh3 g2+ 68. Kxg2 Qd5+ 69. Kh3 Qf5+ 70.
Kh2 Qf4+ 71. Kh1 g5 72. Qe2+ Kb1 73. Qd3+ Kc1 74. Qc3+ Kd1 75. Qa1+ Ke2 76.
Qa2+ Ke1 77. Qb1+ Kf2 78. Qc2+ Kg3 79. Qc3+ Qf3+ 0-1

[Event "Madrid ch Veteranos 2015-2016"]
[Site "Madrid ESP"]
[Date "2016.01.14"]
[Round "4.20"]
[White "Sanchez Hernandez, Guillermo"]
[Black "Martin Rodriguez, Jose Luis"]
[Result "1-0"]
[WhiteElo "1824"]
[BlackElo "1313"]
[PlyCount "31"]
[EventDate "2016.01.11"]
[EventType "swiss"]
[EventRounds "9"]
[EventCountry "ESP"]
[Source "lmi"]
[SourceDate "2016.01.11"]

1. e4 e6 2. d4 d5 3. Nc3 Nf6 4. Bg5 Be7 5. e5 Nfd7 6. Bxe7 Qxe7 7. f4 c5 8. Nb5
Nb6 9. Nd6+ Kd8 10. dxc5 N6d7 11. c4 Nxc5 12. cxd5 Nbd7 13. Rc1 b6 14. b4 Nb7
15. Rxc8+ Rxc8 16. Nxb7+ 1-0

[Event "Madrid ch Veteranos 2015-2016"]
[Site "Madrid ESP"]
[Date "2016.01.14"]
[Round "4.21"]
[White "Martinez Carrasco, Jesus"]
[Black "Corredor Gonzalez, Angel L"]
[Result "1-0"]
[WhiteElo "1561"]
[BlackElo "1780"]
[PlyCount "87"]
[EventDate "2016.01.11"]
[EventType "swiss"]
[EventRounds "9"]
[EventCountry "ESP"]
[Source "lmi"]
[SourceDate "2016.01.11"]

1. d4 Nf6 2. c4 e5 3. dxe5 Ng4 4. Nf3 Bc5 5. e3 Nc6 6. Qd5 Qe7 7. Nc3 Ncxe5 8.
Nxe5 Nxe5 9. Be2 d6 10. h3 c6 11. Qd1 Be6 12. b3 O-O 13. O-O Rad8 14. Na4 Bb4
15. Bd2 Bxd2 16. Qxd2 Qh4 17. f4 Bxh3 18. Qe1 Qh6 19. Qg3 Bxg2 20. Kxg2 Nd7 21.
Bd3 f5 22. Rh1 Qe6 23. Qh3 h6 24. Kf2 Rde8 25. Rag1 Rf6 26. Qg3 Re7 27. Re1 Rg6
28. Qf3 Nf6 29. Ke2 Ng4 30. Kd2 Nf6 31. Rhg1 Ne4+ 32. Kc2 Qf6 33. Rxg6 Qxg6 34.
Re2 Qg1 35. Bxe4 fxe4 36. Qg2 Qxg2 37. Rxg2 h5 38. Rg5 h4 39. Rh5 Kf7 40. Nc3
Re6 41. Rxh4 Kf6 42. Kd2 Kf5 43. Rh5+ Kg4 44. Rg5+ 1-0

[Event "Madrid ch Veteranos 2015-2016"]
[Site "Madrid ESP"]
[Date "2016.01.14"]
[Round "4.22"]
[White "Veuthey Martinez, Eloy"]
[Black "Keller, August"]
[Result "0-1"]
[WhiteElo "1536"]
[BlackElo "1746"]
[PlyCount "78"]
[EventDate "2016.01.11"]
[EventType "swiss"]
[EventRounds "9"]
[EventCountry "ESP"]
[Source "lmi"]
[SourceDate "2016.01.11"]

1. d4 Nf6 2. Nf3 g6 3. Nc3 d5 4. Bf4 a6 5. e3 Bg7 6. Be2 O-O 7. Ne5 Be6 8. h4
h6 9. g4 Ne4 10. Nxe4 dxe4 11. g5 h5 12. Bxh5 gxh5 13. Qxh5 Bf5 14. g6 fxg6 15.
Nxg6 Rf6 16. Ne5 Nc6 17. Rg1 Nxe5 18. Bxe5 Qf8 19. Qh8+ Kf7 20. Rxg7+ Qxg7 21.
Qxg7+ Kxg7 22. O-O-O Kf7 23. Bxf6 exf6 24. c4 Rg8 25. h5 Rg2 26. Rf1 Rh2 27. f3
Rxh5 28. fxe4 Bxe4 29. Rf4 f5 30. Rf2 Rg5 31. Rf4 Rg3 32. Kd2 Rg2+ 33. Kc3 Re2
34. Rh4 Rxe3+ 35. Kb4 Rg3 36. Rh7+ Rg7 37. Rh8 f4 38. Kc3 f3 39. Kd2 Rg2+ 0-1

[Event "Madrid ch Veteranos 2015-2016"]
[Site "Madrid ESP"]
[Date "2016.01.14"]
[Round "4.23"]
[White "Salgado Duarte, Pablo"]
[Black "Canseco Arenas, Alfonso"]
[Result "1-0"]
[WhiteElo "1518"]
[BlackElo "1690"]
[PlyCount "67"]
[EventDate "2016.01.11"]
[EventType "swiss"]
[EventRounds "9"]
[EventCountry "ESP"]
[Source "lmi"]
[SourceDate "2016.01.11"]

1. d4 Nf6 2. c4 c5 3. Nf3 g6 4. Nc3 cxd4 5. Nxd4 Bg7 6. e4 d6 7. h3 O-O 8. Be3
Nc6 9. Be2 Nd7 10. Nxc6 bxc6 11. Bd4 Bxd4 12. Qxd4 Qb6 13. Qxb6 axb6 14. O-O
Nc5 15. f3 Ne6 16. Rfd1 Nf4 17. Kf2 Be6 18. b3 Ra5 19. Bf1 Rfa8 20. Rd2 Kg7 21.
Ne2 Nxe2 22. Bxe2 Kf6 23. g4 Ra3 24. Bd1 Ke5 25. Kg3 g5 26. h4 h6 27. h5 R8a7
28. Kf2 R7a5 29. b4 Ra7 30. Be2 R3a4 31. Rb2 Kd4 32. Rd1+ Kc3 33. Rdd2 Ra3 34.
Ke3 1-0

[Event "Madrid ch Veteranos 2015-2016"]
[Site "Madrid ESP"]
[Date "2016.01.14"]
[Round "4.24"]
[White "Perez Ramos, Miguel Angel"]
[Black "Rodriguez Bachiller, Luis"]
[Result "0-1"]
[WhiteElo "1259"]
[BlackElo "1660"]
[PlyCount "70"]
[EventDate "2016.01.11"]
[EventType "swiss"]
[EventRounds "9"]
[EventCountry "ESP"]
[Source "lmi"]
[SourceDate "2016.01.11"]

1. e4 c6 2. Be2 d6 3. Nf3 Nf6 4. Nc3 g6 5. O-O Bg7 6. d4 O-O 7. d5 Re8 8. Re1
Qc7 9. Be3 Ng4 10. Qd3 Nxe3 11. Qxe3 Nd7 12. Rad1 Qb6 13. Qxb6 Nxb6 14. dxc6
bxc6 15. Rd2 Rb8 16. Nd4 Bd7 17. Red1 Bh6 18. Rd3 Nc4 19. Na4 c5 20. b3 Bxa4
21. bxc4 cxd4 22. Rh3 Bg7 23. Rd2 Rb2 24. f4 Rxc2 25. Rxc2 Bxc2 26. Bd3 Bxd3
27. Rxd3 Rb8 28. a3 a5 29. g4 a4 30. Rd2 Rb3 31. c5 dxc5 32. e5 Rxa3 33. Rc2
Rc3 34. Rb2 a3 35. Rb5 a2 0-1

[Event "Madrid ch Veteranos 2015-2016"]
[Site "Madrid ESP"]
[Date "2016.01.14"]
[Round "4.26"]
[White "Ramos Antona, Enrique"]
[Black "Pashov, Spas Nikolov"]
[Result "1/2-1/2"]
[WhiteElo "1585"]
[BlackElo "1722"]
[PlyCount "37"]
[EventDate "2016.01.11"]
[EventType "swiss"]
[EventRounds "9"]
[EventCountry "ESP"]
[Source "lmi"]
[SourceDate "2016.01.11"]

1. d4 Nf6 2. c4 g6 3. Nc3 d5 4. cxd5 Nxd5 5. e4 Nxc3 6. bxc3 Bg7 7. Bc4 c5 8.
Be3 Nc6 9. Ne2 cxd4 10. cxd4 O-O 11. O-O Na5 12. Bd3 Be6 13. d5 Bxa1 14. Qxa1
f6 15. Bh6 Re8 16. Bd2 b6 17. Ba6 Bc8 18. Bb5 Bd7 19. Ba6 1/2-1/2